Statistiken für Mannschaften der Regionalliga Nordost 2023/24

Klicken Sie hier um das Quiz zu spielen!

Allgemein

  • Dieses Quiz wurde 42 mal gespielt
  • Das Durchschnittsergebnis liegt bei 12 aus 18

Antwortstatistiken

Mannschaften% Korrekt
FC Energie Cottbus
92%
FC Hansa Rostock II⁠
85%
FC Rot-Weiß Erfurt
85%
Chemnitzer FC
81%
FC Carl Zeiss Jena
81%
Hertha BSC II⁠
81%
1. FC Lokomotive Leipzig
77%
FSV Zwickau
77%
Berliner AK 07
73%
BSG Chemie Leipzig
73%
Greifswalder FC
69%
SV Babelsberg 03
65%
BFC Dynamo
62%
FC Viktoria 1889 Berlin
62%
FC Eilenburg
42%
VSG Altglienicke
42%
ZFC Meuselwitz
42%
FSV 63 Luckenwalde
31%

Verteilung der Resultate

Perzentil nach korrekt beantworteten Fragen

Anzahl Personen mit jedem Resultat

Ihre Resultats-Entwicklung

Sie haben dieses Quiz noch nicht gespielt